000 00321nam a22001457a 4500
008 221018b ||||| |||| 00| 0 eng d
020 _a0137269285
041 _aeng
080 _a004
082 _a004
100 _a19
101 _aSHK
245 _aOBJECT ORIENTED SOFTWARE DEVELOPMENT
_cLORENZ M
942 _2udc
_cBK
999 _c58598
_d58598